The turnaround story Indian railways : (Record no. 42920)

MARC details
000 -LEADER
fixed length control field 00841nam a22002297a 4500
005 - DATE AND TIME OF LATEST TRANSACTION
control field 2010082103543.0
010 ## - LCCN (DPL NO)
LC control number ENG-101167
020 ## - INTERNATIONAL STANDARD BOOK NUMBER
International Standard Book Number 8186172831
Terms of availability 180.00
035 ## - SYSTEM CONTROL NUMBER
System control number EN-84700
037 ## - SOURCE OF ACQUISITION
Source of stock number/acquisition DBAD/PUB
082 ## - DEWEY DECIMAL CLASSIFICATION NUMBER
Classification number 385.0954
100 ## - MAIN ENTRY--PERSONAL NAME
Personal name Khare, Vivek
245 ## - TITLE STATEMENT
Title The turnaround story Indian railways :
Remainder of title beginning...challenges... /
Statement of responsibility, etc by Vivek Khare
260 ## - PUBLICATION, DISTRIBUTION, ETC. (IMPRINT)
Place of publication, distribution, etc Pune
Name of publisher, distributor, etc Ameya Prakashan
Date of publication, distribution, etc 2008
270 ## - ADDRESS
Address 207 Business Guild, Law College Road
City Pune
Postal code 411004
300 ## - PHYSICAL DESCRIPTION
Extent 126p.
Dimensions 22cm (pbk)
650 ## - SUBJECT ADDED ENTRY--TOPICAL TERM
Topical term or geographic name as entry element Indian railways
Geographic subdivision India
650 ## - SUBJECT ADDED ENTRY--TOPICAL TERM
Topical term or geographic name as entry element Rail road- finance
650 ## - SUBJECT ADDED ENTRY--TOPICAL TERM
Topical term or geographic name as entry element Rail road- management
942 ## - ADDED ENTRY ELEMENTS (KOHA)
Source of classification or shelving scheme Dewey Decimal Classification
Item type English Books
Classification part 385.0954
Call number suffix KHA
Holdings
Withdrawn status Lost status Not for loan Collection code Home library Current library Date acquired Source of acquisition Cost, normal purchase price Full call number Barcode Copy number Cost, replacement price Koha item type
    Not For Loan Non-fiction D.B.Act.Division D.B.Act.Division 21/08/2010 DBAD/PUB 180.00 385.0954 KHA EN-84700 1 180.00 English Books

© Delhi Public Library
Hit Counter
free hit counter